00413cam a2200169ua 45000010005000000080039000050200015000440400009000590410008000680820008000761000034000842450045001182500009001632600037001723000012002096530022002216984141118n ii |||gr||||Z||||||eng a8171699707 cMAIN aeng a320 aChaturvedi, Archana,eAuthor.1 aPolitical theorycby Archana Chaturvedi  a1st. aNew Delhi:bCommonwealth,c2009. av,362p. aPolitical thought